00813nam a2200253Ia 4500003000400000005001700004008004100021020001500062040000700077041001200084082001900096100002200115245004800137260003900185300002800224365001400252650001900266650002200285700003000307906005000337942001200387999001900399952014100418OSt20250717193351.0210423s2006 xx 000 0 und d a1412908000 cAL aEnglish a070.415 bPAPF aSusan Pape977429 aFeature writingb: a practical introduction aNew DelhibSage Publicationsc2006 aviii163p.bPBc24x17cm. b1779cINR aEditing977430 aJournalism977431 aFeatherstone, Sue9219299 aFeature ; introduction. ; practical ; writing 2ddccBK c155794d155794 00102ddc40708MAJMCaSACPGbSACPGd2008-09-07eAthulya Booksg1779.00l0o070.415 PAPFpPG002266r2022-08-24 00:00:00w2021-04-26yBK